000 00933nam a2200289 a 4500
001 000112443
003 CHAP
005 20220329144306.0
008 160318s2014 mx a |s| |||||||spa d
010 _a108904
011 _a109876
040 _cCHAP
090 _aCD-462
245 0 0 _aCompendio de estadísticas ambientales
_h[Disco compacto]
_c/por Secretaría de Medio Ambiente y Recursos Naturales.
260 _aMéxico, D.F. :
_bSEMARNAT,
_c2014.
300 _a1 CD ROM ;
_c4 3/4 plg.
500 _aEdición 2014
590 _aE6096MTM
_b05
_c20160318
_lUCH01
_h1343
590 _aE6096MTM
_b05
_c20160318
_lUCH01
_h1400
650 1 4 _aBases de datos.
_910684
650 1 4 _aMedio ambiente
_xEstadísticas
_xMéxico.
_974083
650 1 4 _aRecursos naturales
_xServicios de información.
_995313
710 0 _aMéxico. Secretaría de Medio Ambiente y Recursos Naturales
_977199
901 _aBK
942 _cCD
942 _n0
999 _c108904
_d108904